[Event "Werner-Ott-Open Kreuzberger Sommer 2014"]
[Site "Berlin"]
[Date "2014.07.06"]
[Round "2.1"]
[White "Badestein, Hartmut"]
[Black "Stern, Rene"]
[Result "0-1"]
[WhiteElo "2077"]
[BlackElo "2527"]
[PlyCount "66"]
[EventDate "2014.??.??"]
[WhiteTeam "SC Friesen Lichtenberg e.V."]
[BlackTeam "SK König Tegel 1949 e.V."]

1. Nf3 d5 2. d4 e6 3. e3 Nf6 4. Bd3 b6 5. Qe2 Bb7 6. O-O Bd6 7. Ne5 O-O 8. Nd2
c5 9. c3 Nc6 10. f4 Ne7 11. Rf3 Ne4 12. Rh3 g6 13. Qe1 Nf5 14. g4 Ng7 15. g5
Bxe5 16. Qh4 h5 17. dxe5 Nxd2 18. Bxd2 d4 19. e4 c4 20. Bxc4 Bxe4 21. Qe1 Bb7
22. Be2 Nf5 23. c4 Qc7 24. Rc1 Rfd8 25. Qd1 Kg7 26. b4 d3 27. Bf3 Nd4 28. Bxb7
Ne2+ 29. Kf2 Qxb7 30. Rxd3 Nxc1 31. Rxd8 Rxd8 32. Qxc1 Re8 33. a3 Qc6 0-1

[Event "Werner-Ott-Open Kreuzberger Sommer 2014"]
[Site "Berlin"]
[Date "2014.07.06"]
[Round "2.2"]
[White "Richter, Michael"]
[Black "Krefenstein, Sergej"]
[Result "1-0"]
[WhiteElo "2491"]
[BlackElo "2088"]
[PlyCount "101"]
[EventDate "2014.??.??"]
[WhiteTeam "SK König Tegel 1949 e.V."]
[BlackTeam "TuS Makkabi Berlin e.V."]

1. d4 Nf6 2. Nf3 g6 3. Nbd2 d5 4. e3 Bg7 5. b4 O-O 6. c4 c6 7. Bb2 a5 8. b5 Bg4
9. a4 dxc4 10. Bxc4 cxb5 11. Bxb5 Nc6 12. O-O Rc8 13. h3 Bf5 14. Qe2 Nb4 15.
Rac1 Ne4 16. Rxc8 Qxc8 17. Rc1 Qb8 18. Nxe4 Bxe4 19. Nd2 Bf5 20. Nb3 b6 21. e4
Bc8 22. Qe3 Bb7 23. Nd2 Rc8 24. Nc4 Bc6 25. Na3 Bxb5 26. Nxb5 Rxc1+ 27. Qxc1
Qb7 28. d5 Bxb2 29. Qxb2 Nd3 30. Qd4 Nc5 31. e5 Qd7 32. d6 exd6 33. exd6 Qf5
34. Nc7 Nd7 35. Nd5 Qe5 36. Qxe5 Nxe5 37. Nxb6 Kf8 38. Kf1 Ke8 39. Ke2 Nd7 40.
Nxd7 Kxd7 41. Kd3 Kxd6 42. Kc4 Kc6 43. h4 f6 44. g4 h6 45. h5 gxh5 46. gxh5 f5
47. f4 Kd6 48. Kd4 Ke6 49. Kc5 Kd7 50. Kd5 Ke7 51. Ke5 1-0

[Event "Werner-Ott-Open Kreuzberger Sommer 2014"]
[Site "Berlin"]
[Date "2014.07.06"]
[Round "2.3"]
[White "Niechotz, Christopher"]
[Black "Meister, Jakob"]
[Result "1/2-1/2"]
[WhiteElo "2070"]
[BlackElo "2478"]
[PlyCount "98"]
[EventDate "2014.??.??"]
[WhiteTeam "SC Kreuzberg e.V."]
[BlackTeam "SK Zehlendorf e.V."]

1. c4 e6 2. g3 Nf6 3. Bg2 c5 4. Nf3 Nc6 5. O-O Be7 6. Nc3 O-O 7. d4 cxd4 8.
Nxd4 a6 9. h3 Qc7 10. Be3 d6 11. Rc1 Nxd4 12. Qxd4 Bd7 13. Rfd1 Rfc8 14. b3
Rab8 15. a4 Qa5 16. Qd2 Qh5 17. g4 Qg6 18. Qd3 Bc6 19. Qxg6 hxg6 20. Ba7 Ra8
21. Be3 Bxg2 22. Kxg2 Rc6 23. g5 Ne8 24. Rd3 Rac8 25. Na2 R6c7 26. Rcd1 Ra8 27.
Nc3 f6 28. h4 Kf7 29. a5 Rc6 30. Na4 Bd8 31. Bb6 Be7 32. Be3 Nc7 33. Nb6 Rh8
34. Kg3 Na8 35. Na4 Rh5 36. f4 Rh8 37. Bf2 Nc7 38. Nb6 e5 39. e3 Ke6 40. Be1
Kf5 41. Bb4 Re8 42. fxe5 Kxe5 43. Kg4 Ke6 44. Nd5 Rd8 45. Ba3 Bf8 46. Nb4 Rc5
47. Nd5 Rc6 48. Nb4 Rc5 49. Nd5 Rc6 1/2-1/2

[Event "Werner-Ott-Open Kreuzberger Sommer 2014"]
[Site "Berlin"]
[Date "2014.07.06"]
[Round "2.4"]
[White "Kalinitschew, Sergey"]
[Black "Nikolov, Rumen"]
[Result "0-1"]
[WhiteElo "2426"]
[BlackElo "2071"]
[PlyCount "94"]
[EventDate "2014.??.??"]
[WhiteTeam "SC Kreuzberg e.V."]
[BlackTeam "Ivis Plus"]

1. d4 c5 2. d5 e5 3. Nc3 d6 4. e4 Be7 5. Nf3 Nf6 6. Be2 O-O 7. O-O Na6 8. Nd2
Nc7 9. a4 b6 10. Nc4 Nfe8 11. g3 Bh3 12. Re1 Bg5 13. Bg4 Bxg4 14. Qxg4 Bxc1 15.
Rexc1 Nf6 16. Qh4 Qd7 17. Ne3 Rfd8 18. Ra3 a6 19. Nf5 Nce8 20. Rca1 g6 21. Ne3
Qe7 22. Nb1 Ra7 23. Nd2 Nh5 24. Qg4 Qd7 25. Qe2 Neg7 26. Ng4 f5 27. Nh6+ Kh8
28. exf5 gxf5 29. Nf3 Qe7 30. Qd2 Rf8 31. Re1 Rf6 32. Kg2 Rg6 33. b4 cxb4 34.
Qxb4 Rxh6 35. Qxb6 Qc7 36. Qe3 Rg6 37. Rc3 Qd7 38. Qb6 Nf4+ 39. Kh1 Nxd5 40.
Qb8+ Ne8 41. Rc8 Rg8 42. Rd8 Qb7 43. c4 Nb4 44. Qxb7 Rxb7 45. Nh4 Nd3 46. Re2
Rb1+ 47. Kg2 Nf4+ 0-1

[Event "Werner-Ott-Open Kreuzberger Sommer 2014"]
[Site "Berlin"]
[Date "2014.07.06"]
[Round "2.5"]
[White "Schulz, Hartmut"]
[Black "Muse, Drazen"]
[Result "1/2-1/2"]
[WhiteElo "2067"]
[BlackElo "2407"]
[PlyCount "104"]
[EventDate "2014.??.??"]
[WhiteTeam "SC Rotation Pankow e.V."]
[BlackTeam "SK König Tegel 1949 e.V."]

1. d4 f5 2. Nf3 Nf6 3. g3 g6 4. Bg2 Bg7 5. O-O O-O 6. c4 d6 7. Nc3 Nc6 8. b3 e5
9. d5 Ne7 10. e4 h6 11. Ne1 f4 12. Nd3 g5 13. Bb2 Ng6 14. f3 h5 15. Ne2 Rf7 16.
Bc3 Bf8 17. Rc1 Rh7 18. Rf2 h4 19. gxf4 gxf4 20. h3 Nh5 21. Kh2 Ng3 22. Bf1 Qe8
23. Ng1 Rg7 24. Rfc2 Nh8 25. Nf2 Nxf1+ 26. Qxf1 Rg3 27. Be1 Qg6 28. Ng4 Bxg4
29. hxg4 Be7 30. Nh3 Nf7 31. Bxg3 hxg3+ 32. Kg2 Kg7 33. Qe2 Nh8 34. Rh1 {(=)}
Qf7 35. Ng1 Ng6 36. Rh5 Nh4+ 37. Kf1 Rh8 38. Rxh8 Kxh8 39. Ke1 Kg8 40. Kd1 g2
41. Qf2 b6 42. b4 a6 43. Rc3 Qe8 44. Ra3 Qc8 45. Qe2 Qb7 46. Qc2 b5 47. c5 dxc5
48. bxc5 b4 49. Ra5 Kg7 50. Qb2 Bf6 51. Qb3 Qc8 52. Qd3 Be7 {(=)} 1/2-1/2

[Event "Werner-Ott-Open Kreuzberger Sommer 2014"]
[Site "Berlin"]
[Date "2014.07.06"]
[Round "2.6"]
[White "Von Herman, Ulf"]
[Black "Faulhaber, Rolf"]
[Result "1-0"]
[WhiteElo "2379"]
[BlackElo "2068"]
[PlyCount "51"]
[EventDate "2014.??.??"]
[WhiteTeam "SK König Tegel 1949 e.V."]
[BlackTeam "SK Tauberbischofsheim"]

1. d4 e6 2. c4 Nf6 3. Nf3 b6 4. g3 Ba6 5. Qc2 Bb7 6. Bg2 Bb4+ 7. Nc3 Be4 8. Qb3
Bxc3+ 9. Qxc3 O-O 10. O-O d6 11. b3 Nbd7 12. Bb2 c5 13. Rfd1 Qc7 14. Bh3 d5 15.
dxc5 Qxc5 16. Rac1 Rac8 17. Ng5 d4 18. Qd2 d3 19. exd3 Bxd3 20. Nxe6 fxe6 21.
Bxe6+ Kh8 22. Qxd3 Rcd8 23. b4 Qh5 24. Bxf6 gxf6 25. Bxd7 Rf7 26. Bg4 1-0

[Event "Werner-Ott-Open Kreuzberger Sommer 2014"]
[Site "Berlin"]
[Date "2014.07.06"]
[Round "2.7"]
[White "Kievelitz, Bernd"]
[Black "Brüdigam, Martin"]
[Result "0-1"]
[WhiteElo "2046"]
[BlackElo "2328"]
[PlyCount "60"]
[EventDate "2014.??.??"]
[WhiteTeam "SC Zitadelle Spandau 1977 e.V."]
[BlackTeam "SK König Tegel 1949 e.V."]

1. Nf3 d5 2. d4 Nf6 3. c4 c6 4. Qb3 dxc4 5. Qxc4 Bg4 6. Nbd2 Nbd7 7. g3 e6 8.
Bg2 Be7 9. O-O O-O 10. a3 a5 11. b3 Rc8 12. Bb2 b5 13. Qd3 Bf5 14. e4 Nc5 15.
Qe2 Ncxe4 16. Ne5 Nxd2 17. Qxd2 Be4 18. Rac1 Bxg2 19. Kxg2 c5 20. f3 Qd5 21.
Qd3 cxd4 22. Qxd4 Qxd4 23. Bxd4 Bxa3 24. Rc6 Nd5 25. Ra1 Bb4 26. Rac1 Rxc6 27.
Rxc6 Ra8 28. Nd3 Bf8 29. Nc5 a4 30. bxa4 bxa4 0-1

[Event "Werner-Ott-Open Kreuzberger Sommer 2014"]
[Site "Berlin"]
[Date "2014.07.06"]
[Round "2.8"]
[White "Jahnz, Fabian"]
[Black "Sechting, Martin"]
[Result "1-0"]
[WhiteElo "2270"]
[BlackElo "2054"]
[PlyCount "61"]
[EventDate "2014.??.??"]
[WhiteTeam "SK König Tegel 1949 e.V."]
[BlackTeam "SC Weisse Dame e.V."]

1. e4 Nf6 2. e5 Nd5 3. d4 d6 4. c4 Nb6 5. exd6 exd6 6. Nc3 Be7 7. Bd3 Nc6 8.
Nge2 Bg4 9. Be3 Bf6 10. f3 Bh5 11. O-O O-O 12. b3 Re8 13. Bf2 Bg6 14. Be4 Bxe4
15. fxe4 Ne7 16. Qc2 Ng6 17. Rad1 c6 18. e5 Bg5 19. exd6 Nd7 20. c5 Be3 21.
Bxe3 Rxe3 22. Ng3 Nf6 23. Nf5 Rxc3 24. Qxc3 Nd5 25. Qg3 Qd7 26. Rde1 Re8 27.
Rxe8+ Qxe8 28. Re1 Qd7 29. Ne7+ Ndxe7 30. dxe7 Nxe7 31. Qd6 1-0

[Event "Werner-Ott-Open Kreuzberger Sommer 2014"]
[Site "Berlin"]
[Date "2014.07.06"]
[Round "2.9"]
[White "Bonke, Hans-Jürgen"]
[Black "Schmidbauer, Martin"]
[Result "0-1"]
[WhiteElo "2011"]
[BlackElo "2242"]
[PlyCount "134"]
[EventDate "2014.??.??"]
[WhiteTeam "SC Kreuzberg e.V."]
[BlackTeam "SK Tempelhof 1931 e.V."]

1. g3 Nf6 2. Bg2 d5 3. Nf3 c5 4. O-O Nc6 5. d3 e6 6. b3 Be7 7. Bb2 Qc7 8. Nc3
b6 9. e3 Bb7 10. h3 O-O 11. a3 Rad8 12. Ne2 e5 13. Nd2 Rfe8 14. Kh2 Bd6 15. Nc3
Bf8 16. e4 dxe4 17. Ncxe4 Nxe4 18. Nxe4 Nd4 19. c3 Ne6 20. Qg4 Be7 21. Rad1 g6
22. Qf3 Kg7 23. Qe3 f5 24. Nd2 Bf6 25. Bxb7 Qxb7 26. Qf3 Qd7 27. Nc4 Re7 28.
Rfe1 Qc7 29. Ne3 Red7 30. c4 Ng5 31. Qe2 Qc6 32. Nd5 Rxd5 33. f4 R5d7 34. fxg5
Bxg5 35. Bxe5+ Bf6 36. Qe3 Bxe5 37. Qxe5+ Qf6 38. Qxf6+ Kxf6 39. Re3 Rd4 40.
Kg2 a6 41. Kf3 R8d6 42. Ke2 g5 43. Rf1 Kg6 44. Ref3 Re6+ 45. Kd2 Re5 46. Re3
Rxe3 47. Kxe3 Kf6 48. b4 Ke5 49. bxc5 bxc5 50. Kd2 f4 51. Re1+ Kf6 52. g4 Rd6
53. Rf1 Re6 54. h4 h6 55. d4 cxd4 56. Kd3 Ke5 57. hxg5 hxg5 58. Rh1 f3 59. Re1+
Kd6 60. Rf1 Rf6 61. Kxd4 Rf4+ 62. Ke3 Rxc4 63. Rxf3 Rc3+ 64. Ke4 Rxf3 65. Kxf3
Kd5 66. a4 Kd4 67. a5 Kd3 0-1

[Event "Werner-Ott-Open Kreuzberger Sommer 2014"]
[Site "Berlin"]
[Date "2014.07.06"]
[Round "2.10"]
[White "Kohler, Thomas"]
[Black "Richter, Götz"]
[Result "1/2-1/2"]
[WhiteElo "2239"]
[BlackElo "2032"]
[PlyCount "62"]
[EventDate "2014.??.??"]
[WhiteTeam "SC Zitadelle Spandau 1977 e.V."]
[BlackTeam "Klub Kölner Schachfreunde e.V. 1"]

1. Nf3 Nf6 2. c4 e6 3. g3 d5 4. Bg2 Be7 5. O-O O-O 6. d4 c6 7. Qc2 b6 8. Nbd2
Bb7 9. b3 Nbd7 10. Bb2 Rc8 11. e4 dxe4 12. Nxe4 c5 13. Nxf6+ Nxf6 14. Rad1 Be4
15. Qe2 Qc7 16. Ne5 Bxg2 17. Kxg2 Bd6 18. dxc5 Bxc5 19. Rd3 a6 20. Rfd1 b5 21.
Rf3 Be7 22. Rfd3 Qb7+ 23. Qf3 Qxf3+ 24. Kxf3 Rc7 25. g4 Rfc8 26. Bc3 Rb7 27.
Ba5 bxc4 28. bxc4 h5 29. g5 Ng4 30. Nxg4 hxg4+ 31. Kxg4 Rxc4+ 1/2-1/2

[Event "Werner-Ott-Open Kreuzberger Sommer 2014"]
[Site "Berlin"]
[Date "2014.07.06"]
[Round "2.11"]
[White "Heerde, Thomas"]
[Black "Simon, Ralf-Axel"]
[Result "1-0"]
[WhiteElo "2005"]
[BlackElo "2230"]
[PlyCount "49"]
[EventDate "2014.??.??"]
[WhiteTeam "SC Weisse Dame e.V."]
[BlackTeam "TSG Neuruppin"]

1. e4 c5 2. Nf3 e6 3. d3 b6 4. g3 Bb7 5. Bg2 d6 6. O-O Be7 7. Nbd2 Nc6 8. Re1
g5 9. Nc4 g4 10. Nfd2 h5 11. c3 Qc7 12. a3 Bf6 13. Qc2 O-O-O 14. Rb1 Nge7 15.
b4 d5 16. bxc5 dxc4 17. cxb6 axb6 18. Nxc4 Kb8 19. Rxb6 e5 20. Be3 Nc8 21. Rb2
Rd7 22. Reb1 Qd8 23. Qa4 Re8 24. Qxc6 Ree7 25. Qxf6 1-0

[Event "Werner-Ott-Open Kreuzberger Sommer 2014"]
[Site "Berlin"]
[Date "2014.07.06"]
[Round "2.12"]
[White "Boetzer, Detlef"]
[Black "Francke, Jörg"]
[Result "1-0"]
[WhiteElo "2228"]
[BlackElo "2021"]
[PlyCount "49"]
[EventDate "2014.??.??"]
[WhiteTeam "SC Rotation Pankow e.V."]
[BlackTeam "SC Weisse Dame e.V."]

1. d4 f5 2. Nc3 e6 3. e4 Bb4 4. exf5 exf5 5. Bd3 g6 6. h4 Nf6 7. h5 Qe7+ 8. Kf1
O-O 9. hxg6 hxg6 10. Bg5 Bxc3 11. bxc3 d5 12. Qf3 Qf7 13. Bxf6 Qxf6 14. Qxd5+
Be6 15. Qxb7 Nd7 16. Qxc7 Rf7 17. Qa5 Nb6 18. Nf3 Bd5 19. Rh3 Rh7 20. Rxh7 Kxh7
21. Re1 Qc6 22. Re3 f4 23. Re7+ Kh6 24. Ne5 Bxg2+ 25. Kg1 1-0

[Event "Werner-Ott-Open Kreuzberger Sommer 2014"]
[Site "Berlin"]
[Date "2014.07.06"]
[Round "2.13"]
[White "Ziese, Gerhard"]
[Black "Lindborg, Petter"]
[Result "0-1"]
[WhiteElo "1993"]
[BlackElo "2222"]
[PlyCount "92"]
[EventDate "2014.??.??"]
[WhiteTeam "SG Turm Leipzig"]
[BlackTeam "Solna SS"]

1. d4 e6 2. Nc3 d5 3. e4 Bb4 4. e5 Ne7 5. a3 Bxc3+ 6. bxc3 c5 7. Qg4 Kf8 8. Nf3
Qa5 9. Bd2 Qa4 10. Be2 b6 11. O-O Ba6 12. Bd3 Bxd3 13. cxd3 c4 14. Rfc1 Nbc6
15. Bg5 Nf5 16. Nd2 Na5 17. Qf3 h6 18. g4 Ne7 19. Be3 Rc8 20. Qe2 Ke8 21. f4 h5
22. h3 hxg4 23. hxg4 cxd3 24. Qxd3 Rh4 25. Qe2 Kd7 26. Kg2 Rch8 27. Bg1 Ng6 28.
Qa6 Rxg4+ 29. Kf2 Rxf4+ 30. Ke2 Ra8 31. c4 Qc6 32. c5 Nc4 33. Rab1 b5 34. Qxb5
Qxb5 35. Rxb5 Kc6 36. a4 Nxd2 37. Kxd2 f6 38. exf6 gxf6 39. Be3 Rg4 40. Ra5 f5
41. Rb1 e5 42. Ra6+ Kc7 43. dxe5 Nxe5 44. Bf2 Nc6 45. Rbb6 Nb8 46. Ra5 axb6 0-1

[Event "Werner-Ott-Open Kreuzberger Sommer 2014"]
[Site "Berlin"]
[Date "2014.07.06"]
[Round "2.14"]
[White "Schulz, Olaf"]
[Black "Niehaus, Frank"]
[Result "1/2-1/2"]
[WhiteElo "1987"]
[BlackElo "2200"]
[PlyCount "197"]
[EventDate "2014.??.??"]
[WhiteTeam "SC Rotation Pankow e.V."]
[BlackTeam "SK König Tegel 1949 e.V."]

1. d4 Nf6 2. c4 g6 3. Nc3 Bg7 4. e4 d6 5. f4 c5 6. Nf3 O-O 7. Be2 cxd4 8. Nxd4
Nc6 9. Be3 Bd7 10. O-O Nxd4 11. Bxd4 Bc6 12. Bf3 Nd7 13. Bxg7 Kxg7 14. Qd4+ Kg8
15. Nd5 Bxd5 16. exd5 Qb6 17. Rad1 a5 18. Rfe1 Rfe8 19. h4 h5 20. Qxb6 Nxb6 21.
Re4 Nd7 22. Rde1 Kf8 23. f5 Ne5 24. fxg6 fxg6 25. Bd1 Kg7 26. g4 hxg4 27. Bxg4
Rh8 28. Bd1 Raf8 29. Kg2 Rf5 30. R1e3 Rhf8 31. Be2 Rf4 32. Kg3 Rxe4 33. Rxe4
Rc8 34. Kf4 Rh8 35. Ke3 b6 36. a3 Kf7 37. Rf4+ Kg7 38. Re4 Rc8 39. b4 axb4 40.
axb4 Kf7 41. Kd4 Ra8 42. Rf4+ Kg7 43. Bd1 Ra3 44. Bc2 Rh3 45. Be4 Rb3 46. Bc2
Rf3 47. Re4 Rh3 48. c5 bxc5+ 49. bxc5 Nf3+ 50. Kd3 Ne5+ 51. Kd4 Nf3+ 52. Kd3
Nxh4+ 53. Kc4 Nf5 54. c6 e5 55. Rxe5 dxe5 56. Bxf5 gxf5 57. c7 Rh1 58. d6 Rd1
59. d7 Rxd7 60. c8=Q Rd4+ 61. Kc3 Kf6 {(=)} 62. Qh8+ Ke6 63. Qh6+ Kd5 64. Qg5
Ke4 65. Qg2+ Kf4 66. Qe2 Re4 67. Qf2+ Kg4 68. Qg2+ Kf4 69. Qf2+ Kg4 70. Qg2+
Kf4 71. Kd3 Re3+ 72. Kd2 Re4 73. Qh3 Kg5 74. Qg3+ Kf6 75. Kd3 Rd4+ 76. Kc3 Re4
77. Qg8 Re3+ 78. Kc4 Re4+ 79. Kc5 Rd4 80. Qh7 Kg5 81. Qe7+ Kf4 82. Qh4+ Kf3 83.
Qg5 Ke4 84. Qg3 Rd3 85. Qe1+ Kf4 86. Qf2+ Ke4 87. Qe2+ Re3 88. Qg2+ Kd3 89. Kd5
f4 90. Qf1+ Kd2 91. Qf2+ Re2 92. Qf3 Re3 93. Qg2+ Kd1 94. Qf2 Re2 95. Qf3 Ke1
96. Ke6 Re3 97. Qh1+ Ke2 98. Qg2+ Ke1 99. Qg1+ 1/2-1/2

[Event "Werner-Ott-Open Kreuzberger Sommer 2014"]
[Site "Berlin"]
[Date "2014.07.06"]
[Round "2.15"]
[White "Hohn, August"]
[Black "Lerch, Philipp"]
[Result "0-1"]
[WhiteElo "1965"]
[BlackElo "2197"]
[PlyCount "58"]
[EventDate "2014.??.??"]
[WhiteTeam "SC Zugzwang 95 e.V."]
[BlackTeam "SK König Tegel 1949 e.V."]

1. c4 c5 2. g3 g6 3. Bg2 Bg7 4. Nc3 Nc6 5. e3 e5 6. Nge2 Nge7 7. O-O d6 8. Nd5
O-O 9. Nec3 Be6 10. d3 Rb8 11. Rb1 a6 12. a3 b5 13. b4 cxb4 14. axb4 bxc4 15.
dxc4 Bxd5 16. Nxd5 Nxd5 17. Qxd5 Nxb4 18. Qd2 a5 19. Rd1 Qc7 20. Qxd6 Qxc4 21.
Ba3 e4 22. Bf1 Qc3 23. Bb2 Qc6 24. Bxg7 Qxd6 25. Rxd6 Kxg7 26. Ra1 Ra8 27. Bb5
Rfd8 28. Rxd8 Rxd8 29. Rxa5 Rd5 0-1

[Event "Werner-Ott-Open Kreuzberger Sommer 2014"]
[Site "Berlin"]
[Date "2014.07.06"]
[Round "2.16"]
[White "Major, Vitalij"]
[Black "Kather, Yannick"]
[Result "0-1"]
[WhiteElo "2197"]
[BlackElo "2009"]
[PlyCount "92"]
[EventDate "2014.??.??"]
[WhiteTeam "SC Kreuzberg e.V."]
[BlackTeam "SC Weisse Dame e.V."]

1. Nf3 Nf6 2. c4 g6 3. Nc3 Bg7 4. d4 d5 5. Bg5 Ne4 6. Bf4 Nxc3 7. bxc3 O-O 8.
e3 c5 9. Qd2 Nc6 10. Rb1 dxc4 11. Bxc4 Bf5 12. Rc1 a6 13. d5 Na5 14. Be2 b5 15.
O-O Qb6 16. Qb2 Rfd8 17. Nd2 e5 18. Bg5 f6 19. e4 fxg5 20. exf5 gxf5 21. g4
fxg4 22. Bxg4 Qf6 23. Be6+ Kh8 24. Ne4 Qf4 25. Nxc5 e4 26. Qe2 Be5 27. f3 exf3
28. Qf2 Rf8 29. Nd7 Nc4 30. Nxf8 Rxf8 31. Kh1 Nd2 32. Rfe1 Ne4 33. Rxe4 Qxc1+
34. Re1 Qxc3 35. Rd1 Qc7 36. h4 Bg3 37. Qd4+ Be5 38. Qb4 Bd6 39. Qd4+ Be5 40.
d6 Qg7 41. Qg4 Bxd6 42. Qxg5 Qxg5 43. hxg5 Bf4 44. a4 bxa4 45. Bc4 Bxg5 46.
Bxa6 Rf6 0-1

[Event "Werner-Ott-Open Kreuzberger Sommer 2014"]
[Site "Berlin"]
[Date "2014.07.06"]
[Round "2.17"]
[White "Johansson, Thomas"]
[Black "Schmidt, Jürgen"]
[Result "1-0"]
[WhiteElo "2193"]
[BlackElo "1996"]
[PlyCount "79"]
[EventDate "2014.??.??"]
[WhiteTeam "Uppsala ASS"]
[BlackTeam "SC Kreuzberg e.V."]

1. c4 e5 2. g3 Nc6 3. Bg2 Nf6 4. Nc3 Bc5 5. Nf3 d6 6. O-O O-O 7. d3 Rb8 8. e3
a6 9. a3 Ba7 10. b4 Ne7 11. d4 Bg4 12. h3 Bxf3 13. Bxf3 exd4 14. exd4 Nf5 15.
Ne2 c5 16. Qd3 Nxd4 17. Nxd4 cxd4 18. Bb2 b5 19. cxb5 Rxb5 20. Bxd4 Bxd4 21.
Qxd4 Rf5 22. Bc6 Qb8 23. Qd3 Rh5 24. Qxa6 Rxh3 25. Bg2 Rh5 26. Rfd1 Rd8 27. Rd4
Rb5 28. Rad1 Rb6 29. Qd3 h6 30. Bf1 Nh7 31. b5 Ng5 32. a4 Qb7 33. Bg2 Qd7 34.
Rb4 Qa7 35. Rc1 d5 36. Qa3 Rf6 37. Rf1 Qa5 38. Rd4 Rfd6 39. Qb4 Ra8 40. Qxd6
1-0

[Event "Werner-Ott-Open Kreuzberger Sommer 2014"]
[Site "Berlin"]
[Date "2014.07.06"]
[Round "2.18"]
[White "Oppermann, Peter"]
[Black "Horstmann, Olaf"]
[Result "0-1"]
[WhiteElo "1951"]
[BlackElo "2182"]
[PlyCount "46"]
[EventDate "2014.??.??"]
[WhiteTeam "SK Tempelhof 1931 e.V."]
[BlackTeam "Vereinigung der Schachsportfreun"]

1. d4 f5 2. c4 Nf6 3. g3 e6 4. Bg2 c6 5. Nc3 d5 6. Nf3 Bd6 7. O-O O-O 8. Qc2
Qe8 9. b3 Nbd7 10. a4 a5 11. Ba3 Bxa3 12. Rxa3 Ne4 13. Ne5 Nxe5 14. dxe5 Bd7
15. Raa1 Qb8 16. Nxe4 fxe4 17. Qc3 Rf5 18. cxd5 cxd5 19. Rad1 Qxe5 20. Qe3 Bc6
21. h4 Qc7 22. Bh3 Rf6 23. f4 exf3 0-1

[Event "Werner-Ott-Open Kreuzberger Sommer 2014"]
[Site "Berlin"]
[Date "2014.07.06"]
[Round "2.19"]
[White "Kollberg, Lothar"]
[Black "Jaeger, Andre"]
[Result "1/2-1/2"]
[WhiteElo "2177"]
[BlackElo "1991"]
[PlyCount "35"]
[EventDate "2014.??.??"]
[WhiteTeam "SC Zugzwang 95 e.V."]
[BlackTeam "SC Rochade e.V."]

1. d4 Nf6 2. Nf3 g6 3. h3 Bg7 4. Bf4 d6 5. e3 O-O 6. Be2 c5 7. c3 cxd4 8. cxd4
Qa5+ 9. Nbd2 Qb4 10. O-O Nd5 11. a3 Qb6 12. Bg3 Nc6 13. Bc4 Nf6 14. b4 d5 15.
Ba2 a5 16. bxa5 Qxa5 17. Nb3 Qc3 18. Bb1 1/2-1/2

[Event "Werner-Ott-Open Kreuzberger Sommer 2014"]
[Site "Berlin"]
[Date "2014.07.06"]
[Round "2.20"]
[White "Bergmann, Jens"]
[Black "Kaiser, Elmar"]
[Result "0-1"]
[WhiteElo "1908"]
[BlackElo "2163"]
[PlyCount "42"]
[EventDate "2014.??.??"]
[WhiteTeam "SK Tempelhof 1931 e.V."]
[BlackTeam "SK Tauberbischofsheim"]

1. Nf3 Nf6 2. d3 d5 3. e4 dxe4 4. Ng5 Bg4 5. Qd2 exd3 6. Bxd3 e6 7. O-O Be7 8.
Qa5 c6 9. Qa4 Nbd7 10. b4 Ne5 11. b5 Nxd3 12. cxd3 cxb5 13. Qxb5+ Qd7 14. Nc3
Qxb5 15. Nxb5 O-O 16. Re1 Rfd8 17. Re3 a6 18. Nc3 Bc5 19. Rg3 Bd4 20. Bd2 Rac8
21. Nge4 Nxe4 0-1

[Event "Werner-Ott-Open Kreuzberger Sommer 2014"]
[Site "Berlin"]
[Date "2014.07.06"]
[Round "2.21"]
[White "Gebigke, Martin"]
[Black "Hörmann, David"]
[Result "1-0"]
[WhiteElo "2152"]
[BlackElo "1985"]
[PlyCount "61"]
[EventDate "2014.??.??"]
[WhiteTeam "SC Kreuzberg e.V."]
[BlackTeam "SC Weisse Dame e.V."]

1. e4 c5 2. Nf3 d6 3. d4 cxd4 4. Nxd4 Nf6 5. Nc3 a6 6. Bc4 e6 7. Bb3 Be7 8. f4
Qc7 9. f5 e5 10. Nf3 Nbd7 11. O-O Qc5+ 12. Kh1 b5 13. Ng5 Rf8 14. Nd5 Bb7 15.
Be3 Qc8 16. Qd3 h6 17. Nf3 Nxd5 18. Bxd5 Bxd5 19. Qxd5 Nf6 20. Qd3 Qc6 21. Nd2
Rc8 22. c3 Bd8 23. a4 bxa4 24. Qc2 Ke7 25. Rxa4 Ra8 26. Rd1 Ng4 27. Bg1 Bb6 28.
Rc4 Qb5 29. Rb4 Qxb4 30. cxb4 Bxg1 31. Qc7+ 1-0

[Event "Werner-Ott-Open Kreuzberger Sommer 2014"]
[Site "Berlin"]
[Date "2014.07.06"]
[Round "2.22"]
[White "Hoffmann, Rainer"]
[Black "Moos, Gerd A. Ferdinand"]
[Result "0-1"]
[WhiteElo "2110"]
[BlackElo "1956"]
[PlyCount "72"]
[EventDate "2014.??.??"]
[WhiteTeam "BSC Rehberge 1945 e.V."]
[BlackTeam "Vereinigung der Schachsportfreun"]

1. d4 e6 2. Nf3 f5 3. c4 Nf6 4. Nc3 d5 5. Bg5 c6 6. e3 Nbd7 7. cxd5 exd5 8. Bd3
Qb6 9. Rb1 Ne4 10. Bf4 Ndf6 11. O-O Be7 12. h3 O-O 13. Qc2 Be6 14. Na4 Qd8 15.
Nc5 Nxc5 16. dxc5 Ne4 17. b4 Bf6 18. Nd4 Bxd4 19. exd4 Qh4 20. g3 Qxh3 21. Rfe1
g5 22. Bf1 Qh6 23. Be5 f4 24. Bd3 f3 25. Rb2 Bh3 26. Rxe4 dxe4 27. Bc4+ Be6 28.
Bxe6+ Qxe6 29. Qb3 Kf7 30. b5 Qxb3 31. Rxb3 Ke6 32. g4 Rf7 33. a4 Kd5 34. Kh2
Re8 35. Re3 Rxe5 36. dxe5 Kxe5 0-1

[Event "Werner-Ott-Open Kreuzberger Sommer 2014"]
[Site "Berlin"]
[Date "2014.07.06"]
[Round "2.24"]
[White "Bub, Volker"]
[Black "Kautz, Stefan"]
[Result "0-1"]
[WhiteElo "2094"]
[BlackElo "1941"]
[PlyCount "62"]
[EventDate "2014.??.??"]
[WhiteTeam "SC Tornado 86 Hochneukirch"]
[BlackTeam "SC Empor Maulwurf Bonn"]

1. g3 d5 2. Nf3 Nf6 3. Bg2 b6 4. O-O Bb7 5. d3 e6 6. Nbd2 Nbd7 7. b3 Be7 8. Bb2
O-O 9. e4 dxe4 10. Ng5 Rb8 11. Ngxe4 Nxe4 12. Nxe4 Nf6 13. Qe2 Nxe4 14. dxe4
Qc8 15. Qg4 f6 16. f4 Bc5+ 17. Kh1 Qe8 18. a3 a5 19. c3 b5 20. b4 Bb6 21. Rad1
Qc6 22. Qe2 Rbd8 23. Bf3 Rxd1 24. Rxd1 f5 25. c4 bxc4 26. bxa5 Bxa5 27. Qe3 c3
28. Ba1 c2 29. Rc1 Rd8 30. Bd4 Qc4 31. Bb2 Bd2 0-1

[Event "Werner-Ott-Open Kreuzberger Sommer 2014"]
[Site "Berlin"]
[Date "2014.07.06"]
[Round "2.25"]
[White "Gaerths, Ronny"]
[Black "Brüning, Wolfgang"]
[Result "1-0"]
[WhiteElo "2204"]
[BlackElo "1912"]
[PlyCount "115"]
[EventDate "2014.??.??"]
[WhiteTeam "ohne Verein"]
[BlackTeam "Queer-Springer SSV Berlin"]

1. Nf3 d5 2. c4 e6 3. b3 Nf6 4. Bb2 Be7 5. e3 c5 6. cxd5 exd5 7. Be2 O-O 8. O-O
Nc6 9. d4 b6 10. Nc3 Bb7 11. Rc1 Rc8 12. dxc5 bxc5 13. Na4 Nb4 14. a3 Na6 15.
Bd3 Ne4 16. Qe2 Nb8 17. Rfd1 Qe8 18. Bxe4 dxe4 19. Ne5 Ba6 20. Nc4 f5 21. Rd5
Qf7 22. Rcd1 Rfd8 23. Qd2 Rxd5 24. Qxd5 Qxd5 25. Rxd5 g6 26. g4 Bb7 27. Re5 Nc6
28. Re6 Kf7 29. gxf5 Nd8 30. Nd6+ Bxd6 31. Rxd6 Ke7 32. Be5 gxf5 33. Rh6 Nf7
34. Rxh7 Rc6 35. Nc3 Rg6+ 36. Bg3 Ke6 37. Na4 Bd5 38. Nxc5+ Ke7 39. Kf1 Rc6 40.
b4 a5 41. Be5 Bc4+ 42. Ke1 axb4 43. axb4 Rb6 44. Kd2 Bb5 45. Kc3 Kf8 46. Bf4
Kg8 47. Rh5 Rf6 48. Kd4 Be2 49. Rh3 Rb6 50. Rg3+ Kh7 51. Kc3 Rc6 52. Rg1 Nd8
53. Rg5 Bg4 54. h3 Ne6 55. hxg4 Nxg5 56. Bxg5 Kg6 57. Bf4 fxg4 58. Kc4 1-0